La presentación de la persona en la vida cotidiana / (Record no. 72810)

MARC details
000 -LEADER
campo de control de longitud fija 00575nam a2200169 i 4500
001 - NÚMERO DE CONTROL
campo de control 72810
003 - IDENTIFICADOR DE NÚMERO DE CONTROL
campo de control ES-MaACL
007 - CAMPO FIJO DE DESCRIPCIÓN FÍSICA--INFORMACIÓN GENERAL
campo de control de longitud fija t|
008 - DATOS DE LONGITUD FIJA--INFORMACIÓN GENERAL
campo de control de longitud fija 040903s1981 ag ||||1| spa d
100 1# - ENTRADA PRINCIPAL--NOMBRE DE PERSONA
Nombre de persona Goffman, Erving.
9 (RLIN) 57590
245 13 - MENCIÓN DEL TÍTULO
Título La presentación de la persona en la vida cotidiana /
Mención de responsabilidad, etc. Erving Goffman ; [traducción, Hildegarde B. Torres Perrén y Flora Setaro].
260 ## - PUBLICACIÓN, DISTRIBUCIÓN, ETC.
Lugar de publicación, distribución, etc. Buenos Aires :
Nombre del editor, distribuidor, etc. Amorrortu,
Fecha de publicación, distribución, etc. [1981]
300 ## - DESCRIPCIÓN FÍSICA
Extensión 272 p. ;
Dimensiones 19 cm.
700 1# - ENTRADA AGREGADA--NOMBRE PERSONAL
Nombre de persona Torres Perrén, Hildegarde B.
9 (RLIN) 110998
700 1# - ENTRADA AGREGADA--NOMBRE PERSONAL
Nombre de persona Setaro, Flora.
9 (RLIN) 105892
852 ## - LOCALIZACIÓN
Ubicación ES-MaACL
Número de control de estantería L-6435
Sublocalización o colección R.107109
Holdings
Estatus retirado Estado de pérdida Estado de daño No para préstamo Biblioteca de origen Biblioteca actual Ubicación en estantería Fecha de adquisición Fuente de adquisición Total de préstamos Signatura topográfica completa Código de barras Visto por última vez Precio de reemplazo Tipo de ítem Koha
        Biblioteca del Ateneo de Madrid Biblioteca del Ateneo de Madrid Depósito 2 17/01/2008     L-6435 1076218 23/02/2023 23/02/2023 Libro impreso